Effectiffs Tchéquie Euro 2024 - Statistiques

Statistiques générales
  • Ce quiz a été pris 3 fois
  • Le résultat moyen est 5 sur 26
Statistiques - réponses
Poste Numéro Club Joueur % Correct
Attaquanr 10 Bayer Leverkusen Patrik Schick
100%
Milieu 22 West Ham Tomas Soucek
100%
Défenseur 5 West Ham Vladimir Coufal
67%
Attaquanr 9 Bayer Leverkusen Adam Hlozek
33%
Milieu 7 Fiorentina Antonin Barak
33%
Défenseur 15 TSG Hoffenheim David Jurasek
33%
Milieu 14 Slavia Prague Lukas Provod
33%
Gardien 16 Bayer Leverkusen Matej Kovar
33%
Défenseur 3 Slavia Prague Tomas Holes
33%
Milieu 12 Slavia Prague David Doudera
0%
Défenseur 2 Slavia Prague Davis Zima
0%
Attaquanr 11 Sparta Prague Jan Kuchta
0%
Gardien 1 Slavia Prague Jindrich Stanek
0%
Défenseur 18 FC Girona Ladislav Krejci
0%
Milieu 21 Viktoria Plzen Lukas Cerv
0%
Défenseur 6 Sparta Prague Martin Vitik
0%
Attaquanr 26 Slavia Prague Matej Jurasek
0%
Attaquanr 13 Slavia Prague Mojmir Chytil
0%
Milieu 20 Feyenoord Ondrej Lingr
0%
Milieu 25 Viktoria Plzen Pavel Sulc
0%
Milieu 8 Slavia Prague Petr Sevcik
0%
Défenseur 4 Viktoria Plzen Robin Hranac
0%
Attaquanr 19 Slavia Prague Tomas Chory
0%
Défenseur 24 Slavia Prague Tomas Vlcek
0%
Attaquanr 17 VFL Wolfsburg Vaclav Cerny
0%
Gardien 23 FC Liverpool Vitezslav Jaros
0%
Aucun quiz correspondant
Distribution des résultats
% des personnes avec chaque résultat
Percentile par nombre de réponses
Votre historique - résultats
Vous n’avez pas pris ce quiz